| 000 | 00516nam a2200217 454500 | ||
|---|---|---|---|
| 001 | 072481 | ||
| 003 | BD-ChCU | ||
| 008 | Eng | ||
| 020 | _ax | ||
| 040 |
_aDLC _cDLC _dBD-ChCU |
||
| 082 | 0 | 0 | _a531.36/IND |
| 100 | 1 |
_ax _bx |
|
| 245 | 1 | 0 |
_aDevelopments in transport theory ; a NATO advanced study . . . _bx |
| 250 | _ax | ||
| 260 |
_aLondon _bAcademic Press _c1967 |
||
| 300 | _axiv, 381p. | ||
| 504 | _a | ||
| 650 | 0 |
_aTransport _bTransport |
|
| 700 | 1 | _aInonu, E. | |
| 942 |
_2ddc _cBK |
||
| 999 |
_c72481 _d72481 |
||